Medzinárodné účtovné štandardy a interpretácie platné k 31. decembru 2011
Prehľad najnovších publikácií vydaných Medzinárodnou radou pre účtovné štandardy zostavený pre potreby zostavenia účtovnej závierky podľa Medzinárodných účtovných štandardov. Pri každom štandarde, resp. interpretácii je uvedené, či je štandard, resp. interpretácia záväzná pre dané účtovné obdobie, a...
Gespeichert in:
| 1. Verfasser: | |
|---|---|
| Format: | Buchkapitel |
| Sprache: | Slowakisch |
| Schlagworte: | |
| Tags: |
Keine Tags, Fügen Sie das erste Tag hinzu!
|
MARC
| LEADER | 00000naa a2200000 4500 | ||
|---|---|---|---|
| 001 | 0150590 | ||
| 005 | 20231208085034.3 | ||
| 041 | 0 | |a slo | |
| 044 | |a SK | ||
| 245 | 1 | 0 | |a Medzinárodné účtovné štandardy a interpretácie platné k 31. decembru 2011 |c Miriam Bombalová |
| 520 | |a Prehľad najnovších publikácií vydaných Medzinárodnou radou pre účtovné štandardy zostavený pre potreby zostavenia účtovnej závierky podľa Medzinárodných účtovných štandardov. Pri každom štandarde, resp. interpretácii je uvedené, či je štandard, resp. interpretácia záväzná pre dané účtovné obdobie, alebo či je ich skoršia aplikácia povolená, na základe stavu Európskeho adaptačného procesu aktualizovaného k 28. 11. 2011. | ||
| 610 | 2 | 0 | |a štandardy účtovné medzinárodné |
| 610 | 2 | 0 | |a harmonizácia |
| 610 | 2 | 0 | |a závierka účtovná |
| 100 | 1 | |a Bombalová, Miriam | |